00581nam a2200181Ia 450000500170000000800410001702000150005808200130007310000140008624500340010025000080013426000490014230000230019150000670021494200060028195200970028799900150038420250520011743.0240331s9999 xx 000 0 und d a9559102338 bBHAa305 aBhasin, K 0aGahanu lamaya yanu kawarekda? a3rd aColombobSocial Scientists Associationc2006 aiv, 49 p ., ( C 2) aSinhala and Tamil Translation of 'What is a Girl? What is boy? cL 001040708LaWERCLbWERCLcSSCd2024-03-31l0o 305.3 BHAp5505r2024-03-31w2024-03-31yL c1555d1555